Bài tập tiếng Anh 6
Sách là tài liệu tham khảo giúp giáo viên, học sinh trung học cơ sở có thêm tư liệu để dạy và học tốt hơn bộ môn Anh ngữ.
שמור ב:
| מחבר ראשי: | |
|---|---|
| פורמט: | ספר |
| שפה: | Undetermined |
| יצא לאור: |
Hà Nội
Giáo dục Việt Nam
2016
|
| נושאים: | |
| תגים: |
הוספת תג
אין תגיות, היה/י הראשונ/ה לתייג את הרשומה!
|
| Thư viện lưu trữ: | Trung tâm Học liệu Trường Đại học Cần Thơ |
|---|
| LEADER | 00855nam a2200217Ia 4500 | ||
|---|---|---|---|
| 001 | CTU_217330 | ||
| 008 | 210402s9999 xx 000 0 und d | ||
| 020 | |c 12400 | ||
| 082 | |a 428.0076 | ||
| 082 | |b L462 | ||
| 100 | |a Nguyễn, Văn Lợi | ||
| 245 | 0 | |a Bài tập tiếng Anh 6 | |
| 245 | 0 | |c Nguyễn Văn Lợi (Chủ biên) | |
| 260 | |a Hà Nội | ||
| 260 | |b Giáo dục Việt Nam | ||
| 260 | |c 2016 | ||
| 520 | |a Sách là tài liệu tham khảo giúp giáo viên, học sinh trung học cơ sở có thêm tư liệu để dạy và học tốt hơn bộ môn Anh ngữ. | ||
| 650 | |a Tiếng Anh,English language | ||
| 650 | |x Dạy và học (Trung học),Study and teaching (Secondary) | ||
| 904 | |i Hiền,Nghị,Hải | ||
| 980 | |a Trung tâm Học liệu Trường Đại học Cần Thơ | ||